header

Reaching out: interpersonal effectiveness & self-actualization (Record no. 252954)

MARC details
000 -LEADER
fixed length control field 00514nam a22001937a 4500
003 - CONTROL NUMBER IDENTIFIER
control field OSt
005 - DATE AND TIME OF LATEST TRANSACTION
control field 20160315104912.0
008 - FIXED-LENGTH DATA ELEMENTS--GENERAL INFORMATION
fixed length control field 160315b xxu||||| |||| 00| 0 eng d
010 ## - LIBRARY OF CONGRESS CONTROL NUMBER
LC control number 8020522
020 ## - INTERNATIONAL STANDARD BOOK NUMBER
International Standard Book Number 0137533276
040 ## - CATALOGING SOURCE
Transcribing agency N/A
050 ## - LIBRARY OF CONGRESS CALL NUMBER
Classification number HM132
Item number .J64 1981
100 ## - MAIN ENTRY--PERSONAL NAME
Personal name Johnson,David W.
245 ## - TITLE STATEMENT
Title Reaching out: interpersonal effectiveness & self-actualization
250 ## - EDITION STATEMENT
Edition statement 2nd ed.
260 ## - PUBLICATION, DISTRIBUTION, ETC. (IMPRINT)
Place of publication, distribution, etc Englewood Cliffs,N.J
Name of publisher, distributor, etc Prentice-Hall,Inc.
Date of publication, distribution, etc 1981
300 ## - PHYSICAL DESCRIPTION
Extent xi,308p
Other physical details ill.
942 ## - ADDED ENTRY ELEMENTS (KOHA)
Source of classification or shelving scheme Library of Congress Classification
Koha item type Long Loan Books
Holdings
Withdrawn status Lost status Source of classification or shelving scheme Damaged status Not for loan Collection code Home library Current library Shelving location Date acquired Total Checkouts Full call number Barcode Date last seen Price effective from Koha item type
    Library of Congress Classification     Non-fiction Rongo University Library Rongo University Library General Stacks 15/03/2016   HM132 .J64 1981 201610946 15/03/2016 15/03/2016 Long Loan Books

© 2026 Rongo University
Contact us: librarian | system librarian | Rongo university